| 000 | 00511nam a2200169 4500 | ||
|---|---|---|---|
| 001 | 23693 | ||
| 005 | 20230410103811.0 | ||
| 008 | 060907n2000 dr spa | ||
| 035 | _9funglode23861 | ||
| 041 | _aES | ||
| 050 | 1 | 4 | _a338 DK 40 R955 2000 |
| 245 | 0 |
_aRusia : _bplaneta de los espacios / _cNicolay Vukolov... [et al.] |
|
| 260 |
_aMoscu : _bMinisterio de Comunicaciones e Informatización de la Federación de Rusia, _c2000 |
||
| 300 | _ap v. | ||
| 700 | _aVukolov, Nicolay | ||
| 942 |
_2lcc _cbk |
||
| 999 |
_c26076 _d26076 |
||